Catholic University of Zimbabwe Library
Online Public Access Catalogue
(OPAC)

Myalʹ (Record no. 9484)

MARC details
000 -LEADER
fixed length control field 00309 a2200121 4500
005 - DATE AND TIME OF LATEST TRANSACTION
control field 20191017172853.0
084 ## - OTHER CLASSIFICATION NUMBER
Classification number H8 .M9
100 ## - MAIN ENTRY--PERSONAL NAME
Personal name BRODBER, ERNA
245 ## - TITLE STATEMENT
Title Myalʹ
Medium print
260 ## - PUBLICATION, DISTRIBUTION, ETC.
Place of publication, distribution, etc. gw
Name of publisher, distributor, etc. Verlag "Possev."]
Date of publication, distribution, etc. [n.d.]
300 ## - PHYSICAL DESCRIPTION
Extent no in v. 25 cm.
Other physical details no in v. 25 cm.
Dimensions no in v. 25 cm.
500 ## - GENERAL NOTE
General note Romanized.
650 ## - SUBJECT ADDED ENTRY--TOPICAL TERM
Topical term or geographic name entry element English Novel

No items available.

OPENING HOURS

Weekdays: 0815hrs - 1800hrs
Weekends:0900hrs - 1200hrs

Closed for Mass:

Mon, Thur: 1200hrs - 1300hrs
Sunday & Public Holiday’s

CALL SUPPORT

0242-570570, 0242-570169
09200664, +263 8644140602

LOCATION

18443, Cranborne Avenue, Hatfield, Harare

Other Links


©2021 | CUZ Library